000 00804nam a2200241Ia 4500
003 GCL
008 140319s9999 xx 000 0 ara d
040 _aGCL /
_cGCL
082 0 4 _a939.7
_bا م
100 1 _aاحمد صفر
245 1 0 _aمدينة المغرب العربى فى التاريخ عشرون قرنا من تاريخ افريقية من عصور ما قبل التاريخ الى اخر العهد البيزنطى /
_cاحمد صفر
260 _a[S.N] :
_bبوسلامه
300 _a414 ص
490 _a
650 0 4 _aافريقيا الشمالية
650 0 4 _aتونس
650 0 4 _aليبيا
650 0 4 _aالجزائر
650 0 4 _aافريقيا
650 0 4 _aالمغرب القديم
650 0 4 _aالمغرب العربى - تاريخ
942 _2ddc
_cBK
999 _c37127
_d37127